01313nam a2200193 450000500170000000800410001704000440005804100080010208200140011010000300012424501510015426000440030530000380034950002710038750503700065850600210102865000360104970000340108520160927093717.0160927s2014 ck j|||fr|||| 001 0cspa d aCO-BoUCMbspacSandra YazodSandra Yazo0 aspa04220a929.21 aUmaña Blanche, Mauricio13aLa historia de una familiabLos descencientes de la línea de Juan de Umaña desde 1691cMauricio Umaña Blanche ; Luis Fernando Osorio Umaña aBogotá (Colombia)bMaremágnumc2014 axxviii, 394 páginasc24 x 16 cm aDetalles físicos: Encuadernación flexible en cartulina, patas con detalles decorados. Portada impresa en una sola tinta. Tabla genealógica al inicio del texto y cuadros entre el texto. Algunas notas al pie de página. Ejemplar en buen estado de conservación0 aNota del editor ; Agradecimientos ; Abreviaturas ; Cuadro genealógicos ; El apellido Umaña ; Antecedentes en los siglos XVII y XVIII: Umaña Cárdenas y Umaña Gutiérrez ; Los Umaña Sanabria ; Breve historia de las familias Barragán y Manzaneque ; Los Umaña Barragan ; Bibliografía y Fuentes ; Índice general de nombres ; Algunos temas destacados aConsulta en sala 7aGenealogíaszTunja (Colombia)1 aOsorio Umaña, Luis Fernando